000 00702nam a22002177a 4500
999 _c158673
_d158673
005 20181110162211.0
010 _aENG-124475
020 _a9789353063610
_c699.00
035 _aEN-108007
037 _bDBAD/PUB
082 _a005.117
100 _aLewis, John
245 _aJava softwar solutions:
_cby John Lewis [and] William Loftus
_bFoundations of program design /
250 _a9th ed.
260 _aNew Delhi
_bPearson
_c2018
270 _a14 Local Shopping Centre, Panchsheel Park
_bNew Delhi
_e110017
300 _axii,various paging.
_c24cm. (pbk)
500 _aIt includes short questions and answers
700 _a Loftus, William
942 _2ddc
_cEN
_h005.117
_mLEW